Die alltägliche Romantik

Titel: Die alltägliche Romantik : Gewöhnliches und Phantastisches, Lebenswelt und Kunst / herausgeben von Walter Pape, unter Mitarbeit von Roswitha Burwick
Beteiligt: ;
Veröffentlicht: Berlin; Boston : De Gruyter, [2016]
Umfang: XVI, 320 Seiten : Illustrationen ; 23 cm x 15.5 cm
Format: Buch
Sprache: Deutsch
Schriftenreihe/
mehrbändiges Werk:
Schriften der Internationalen Arnim-Gesellschaft ; Band 11
RVK-Notation:
Schlagworte:
ISBN: 3110455374 ; 9783110455373 ; 9783110456172 ; 9783110456943
Buchumschlag
X
alg: 36971436
001A    $00030:10-02-16 
001B    $00034:29-04-25 $t19:48:23.000 
001C    $06000:18-05-17 $t21:27:30.000 
001D    $00030:10-02-16 
001U    $0utf8 
001X    $00 
002@    $0Aau 
002C    $aText $btxt $2rdacontent 
002D    $aohne Hilfsmittel zu benutzen $bn $2rdamedia 
002E    $aBand $bnc $2rdacarrier 
003@    $0369714369 
003O    $0931648624 $aOCoLC 
004A    $03-11-045537-4 
004A    $A978-3-11-045537-3 $fFesteinband: EUR 99.95 (DE), EUR 102.80 (AT), GBP 74.99 (GB) (freier Pr.) 
004K    $09783110455373 
004O    $A978-3-11-045617-2 $So $f(EPUB) 
004O    $A978-3-11-045694-3 $So $f(PDF) 
006G    $01075883709 
006H    $0TOCNEUA1606 $2DNB 
006L    $0BV043309291 $2BVB 
006T    $015,N36 
006U    $017,A20 $f20150827 
007A    $01075883709 $aDNB 
009P    $qapplication/pdf $A2 $3Inhaltsverzeichnis $uhttp://d-nb.info/1075883709/04 $mB:DE-101 
009P    $A2 $uhttps://www.degruyterbrill.com/document/doi/10.1515/9783110456943/html 
010@    $ager 
010E    $erda 
011@    $a2016 $n[2016] 
013D    $RWissenschaftliche Literatur $RAufsatzsammlung $#Konferenzbericht $71071861417 $8Konferenzschrift [Tsz] $9359646190 $y2015 $zWeimar 
021A    $aDie @alltägliche Romantik $dGewöhnliches und Phantastisches, Lebenswelt und Kunst $hherausgeben von Walter Pape, unter Mitarbeit von Roswitha Burwick 
028C    $BHerausgeber $4edt $713048363X $8Pape, Walter$Z1945- [Tp1] $9160652685 
028C    $BHerausgeber $4edt $71042254850 $8Burwick, Roswitha$Z1944- [Tp3] $9331620480 
033A    $pBerlin $pBoston $nDe Gruyter 
034D    $aXVI, 320 Seiten 
034I    $a23 cm x 15.5 cm 
034M    $aIllustrationen 
036E    $aSchriften der Internationalen Arnim-Gesellschaft $x1439-7889 $lBand 11 
037A    $aLiteraturverzeichnis Seite 291-314 
041A    $RSüdgermanische Sprachen $#German language $#Allemand (langue) $#Neuhochdeutsch $#Deutsche Sprache $#Hochdeutsch $74113292-0 $8Deutsch [Tsz] $9085334081 
041A/01 $RBuch $RSchriftsteller $#Literature $#Littérature $#Letteratura $#Literatura $#literature $#Literature $#Literatur $#Literatur $#Belletristik $#Dichtung Literatur $#Schöne Literatur $#Sprachkunst $#Wortkunst $74035964-5 $8Literatur [Tsz] $9085097128 
041A/02 $RBiedermeier $#Romanticism $#Romantisme $#Romanticismo $#Romantik $#Frühromantik $#Spätromantik $74050491-8 $8Romantik [Ts1] $9085140775 
045E    $c830 $c700 
045V    $814.04.00$jStudien [Tkx] $9118845381 
045Z    $8GK 2661 [Tkv] $9408372451 

lok: 36971436 3
101B    $010-02-16 $t09:34:03.000 
101C    $010-02-16 
101U    $0utf8 
145S/01 $a720 

exp: 36971436 3 1 #EPN
201B/01 $010-02-16 $t09:34:03.000 
201C/01 $010-02-16 
201U/01 $0utf8 
203@/01 $0768359805 
208@/01 $a10-02-16 $bzAa 
209A/01 $a90.641.86 $du $f000 $h90 641 86 $x00 
209G/01 $a90641867 $x00 
247C/01 $8601000-3 <30>Frankfurt, Universitätsbibliothek J. C. Senckenberg, Zentralbibliothek (ZB) $9102598258 

lok: 36971436 23

exp: 36971436 23 1 #EPN
201B/01 $020-05-16 $t11:55:34.000 
201C/01 $028-04-16 
201U/01 $0utf8 
203@/01 $0772118701 
208@/01 $a20-05-16 $bz 
209A/01 $a25 Ger KA 4016 $du $f022 $hGER KA 4016 $x00 
209G/01 $a27470718 $x00 
247C/01 $8352022-5 <34/22>Kassel, UB Kassel, Standort Holländischer Platz $9102599432 

lok: 36971436 62

exp: 36971436 62 1 #EPN
201B/01 $030-03-16 $t22:04:28.000 
203@/01 $0770636063 
208@/01 $a30-03-16 $be 
209A/01 $a/ $f000 $x00 
209B/01 $a2016 $x05 
247C/01 $8Frankfurt, Bibliographie der Deutschen Sprach- und Literaturwissenschaft $9113214561 
201U/01 $0utf8 

lok: 36971436 78

exp: 36971436 78 1 #EPN
201B/01 $011-07-22 $t22:05:44.000 
201C/01 $011-07-22 
203@/01 $01206456191 
208@/01 $a11-07-22 $bdo 
201U/01 $0utf8 

lok: 36971436 205

exp: 36971436 205 1 #EPN
201B/01 $010-03-18 $t12:15:15.000 
201C/01 $029-11-16 
201U/01 $0utf8 
203@/01 $0795933630 
208@/01 $a21-12-16 $bz 
209A/01 $a001 GK 2661 P214 $db $f000 $x00 
209C/01 $a4 2017/00026 
209C/01 $anel1612ga 
209G/01 $a67883330 $x00 
209G/01 $aFreihandbereich $x01 
220B/01 $aaltbik421 
247C/01 $8351000-1 <4>Marburg, Universität Marburg, Universitätsbibliothek $9102594767
LEADER 00000cam a2200000 c 4500
001 369714369
003 DE-603
005 20250429194823.0
007 tu
008 160210s2016 xx |||| | u10||u|ger
015 |a 17,A20  |z 15,N36  |2 dnb 
016 7 |2 DE-101  |a 1075883709 
020 |a 3110455374 
020 |a 9783110455373  |c Festeinband: EUR 99.95 (DE), EUR 102.80 (AT), GBP 74.99 (GB) (freier Pr.) 
024 3 |a 9783110455373 
035 |a (DE-599)DNB1075883709 
035 |a (DE-604)BV043309291 
035 |a (OCoLC)931648624 
040 |a DE-603  |b ger  |c DE-603  |d DE-603  |e rda 
041 |a ger 
084 |a 830  |a 700  |q DE-101  |2 sdnb 
084 |a GK 2661  |0 (DE-625)40846:  |0 (DE-603)408372451  |2 rvk 
245 0 0 |a ˜Dieœ alltägliche Romantik  |b Gewöhnliches und Phantastisches, Lebenswelt und Kunst  |c herausgeben von Walter Pape, unter Mitarbeit von Roswitha Burwick 
264 1 |a Berlin  |a Boston  |b De Gruyter  |c [2016] 
300 |a XVI, 320 Seiten  |b Illustrationen  |c 23 cm x 15.5 cm 
336 |a Text  |b txt  |2 rdacontent 
337 |a ohne Hilfsmittel zu benutzen  |b n  |2 rdamedia 
338 |a Band  |b nc  |2 rdacarrier 
490 0 |a Schriften der Internationalen Arnim-Gesellschaft  |x 1439-7889  |v Band 11 
500 |a Literaturverzeichnis Seite 291-314 
650 7 |a Deutsch  |0 (DE-588)4113292-0  |0 (DE-603)085334081  |2 gnd 
650 7 |a Literatur  |0 (DE-588)4035964-5  |0 (DE-603)085097128  |2 gnd 
650 7 |a Romantik  |0 (DE-588)4050491-8  |0 (DE-603)085140775  |2 gnd 
655 7 |a Konferenzschrift  |y 2015  |z Weimar  |2 gnd-content  |0 (DE-588)1071861417  |0 (DE-603)359646190 
700 1 |a Pape, Walter  |d 1945-  |e Herausgeber  |4 edt  |0 (DE-603)160652685  |0 (DE-588)13048363X  |2 gnd 
700 1 |a Burwick, Roswitha  |d 1944-  |e Herausgeber  |4 edt  |0 (DE-603)331620480  |0 (DE-588)1042254850  |2 gnd 
776 1 |z 9783110456172 
776 1 |z 9783110456943 
856 4 2 |m B:DE-101  |q application/pdf  |u http://d-nb.info/1075883709/04  |3 Inhaltsverzeichnis 
856 4 2 |u https://www.degruyterbrill.com/document/doi/10.1515/9783110456943/html 
924 0 |9 30  |a (DE-603)768359805  |b DE-30  |c HES  |d c  |g 90.641.86 
924 0 |9 34/22  |a (DE-603)772118701  |b DE-34-22  |c HES  |d c  |g 25 Ger KA 4016 
924 0 |9 603  |a (DE-603)770636063  |b DE-603  |c HES  |d d 
924 0 |9 603  |a (DE-603)1206456191  |b DE-603  |c HES  |d d 
924 0 |9 4  |a (DE-603)795933630  |b DE-4  |c HES  |d c  |g 001 GK 2661 P214  |h Freihandbereich